1358 1845 1651 1441 1481 1672 1677 1031 1334 1605 1695 1965 1324 1571 1185 1048 1249 1909 1771 1747 1090 1386 1234 1748 1817 1847 1887 1275 1375 1391 1962 1105 1334 1111 1363 1356 1276 1221 1159 1079 1322 1488 1737 1420 1610 1673 1252 1782 1791 1690 1752 1607 1789 1538 1797 1924 1543 1328 1175 1392 1560 1357 1843 1397 1032 1787 1133 1812 1221 1870 1968 1137 1205 1790 1214 1167 1246 1586 1663 1722 1069 1479 1904 1125 1641 1143 1789 1117 1747 1376 1088 1735 1066 1423 1303 1424 1655 1576 1193 BCNSPRNW ULIB Ver.6.0+V

เปลี่ยนเป็นภาษาไทย

Change to English
 แสดงรายละเอียดบรรณานุกรม
  กลับหน้าหลัก

Brief Record : Get Marc (ISO 2709) : E-mail record : QR code < ปิดหน้าต่าง
LEADER : 00000nam 2200000uu 4500
001    13399114501
003     ULIB
008    120410s||||||||th 000 0 tha d
020    6167007106
100 0  เฟื่องฝน
245 00 บันทึกเฮฮา คุณหนูพยาบาลจอมจุ้น
945    ^p165^l0^i026862
999 ^a ใช้งานได้ทุกระบบ
รายการนี้ยังไม่มีแท็ก
คุณยังไม่ได้ล็อกอิน คุณสามารถมีกิจกรรมร่วมกับเว็บไซต์ได้ แต่ต้องล็อกอินก่อน ::
  ล็อกอิน

รายการสื่อสารสนเทศ

ลำดับที่ ประเภท เลขเรียก/บาร์โค้ด สถานที่ สถานะ
- ไม่พบข้อมูล -

รายการใกล้เคียง
    ผู้แต่ง [เฟื่องฝน]

BibComment


ยังไม่เคยถูกคอมเมนท์

คอมเมนท์ทรัพยากรรายการนี้
  คอมเมนท์: บันทึกเฮฮา คุณหนู..


 Copyright 2026. Bcnsprnw @Library